| 000 | 00842nam a22002417a 4500 | ||
|---|---|---|---|
| 999 |
_c19223 _d19223 |
||
| 003 | AR-CdUCM | ||
| 008 | 190306b ||||| |||| 00| 0 spa d | ||
| 040 |
_aMUNICIPALIDAD PROVINCIAL DEL CUSCO _cBIBLIOTECA MUNICIPAL DEL CUSCO |
||
| 082 |
_a373.22 / _bC85 _24ed. |
||
| 100 |
_aCousinet, Roger _910575 |
||
| 245 | _aUn Nuevo Metodo de Trabajo Libre por Grupos / | ||
| 260 |
_aBuenos Aires : _bLosada, _c1965. |
||
| 300 |
_a137 paginas ; _c20 cm. |
||
| 440 |
_aLa Escuela Activa _912657 |
||
| 500 | _aDirector: Lorenzo Luzuriaga | ||
| 505 | _aContenido :Espíritu del método -- Organización del medio escolar -- Los grupos de trabajo... | ||
| 650 |
_aCousinet _910124 |
||
| 650 |
_aMetodo _91191 |
||
| 650 |
_aTraducido _910663 |
||
| 700 |
_aLuzuriaga, Carlos (Traducción) _926020 |
||
| 942 |
_2ddc _cLIBROS |
||
| 945 |
_awnts _d2019-05-16 |
||